[Event "Montreal International"]
[Site "Montreal"]
[Date "1979.04.11"]
[Round "1"]
[White "Tal, Mihail"]
[Black "Spassky, Boris Vasilievich"]
[Result "1-0"]
[WhiteElo "2615"]
[BlackElo "2640"]
[Annotator "ChessBase"]
[PlyCount "63"]
[EventDate "1979.04.11"]
[EventType "tourn"]
[EventRounds "18"]
[EventCountry "CAN"]
[EventCategory "15"]
[SourceTitle "MCL"]
[Source "ChessBase"]
[SourceDate "1999.07.01"]
[SourceVersion "1"]
[SourceVersionDate "1999.07.01"]
[SourceQuality "1"]

1. Nf3 Nf6 2. c4 g6 3. Nc3 Bg7 4. e4 d6 5. d4 O-O 6. Be2 e5 7. O-O exd4 8. Nxd4
Re8 9. f3 c6 10. Kh1 d5 11. cxd5 cxd5 12. Bg5 $1 (12. Bb5 Nbd7 13. exd5 a6 14.
Ba4 b5 15. Nc6 Qb6 16. Bb3 Bb7 $44 {Kortschnoj,V-Ghitescu/Bath/1973/}) 12...
dxe4 (12... Nc6 13. Bb5 Qb6 14. Nxc6 bxc6 15. Bxf6 Bxf6 16. Nxd5 cxd5 17. Bxe8
Bb7 $14) 13. fxe4 Nbd7 14. Ndb5 Re5 $1 {best chance of counterplay.} 15. Bf4
Nxe4 $5 16. Bxe5 Bxe5 17. Nxe4 Qh4 18. h3 (18. g3 Qxe4+ 19. Bf3 Qc4) 18... Qxe4
19. Qb3 (19. Nd6 $6 Bxd6 20. Qxd6 Qxe2 21. Rae1 {/\22.Re8, 23.Rf7+} Qc4 $1 {Tal
} 22. b3 Qc5 23. Re8+ Kg7 24. Qxc5 Nxc5 25. Rc1 b6 26. b4 Nd3 27. Rcxc8 Rxc8
28. Rxc8 Nxb4 $13) 19... Nf6 (19... Qxe2 20. Rae1 Qxb2 21. Qxf7+ Kh8 22. Nd6) (
19... Bf6 20. Bc4 $1) 20. Bc4 Qh4 $1 21. Bxf7+ $2 (21. Rae1 $1 Bg3 (21... Ne4
22. Rxf7 $18) 22. Re3 Bxh3 23. Bxf7+ $1 (23. Rxg3 $2 Be6+ 24. Rh3 Qxc4 $13)
23... Kg7 24. Rxg3 Be6+ 25. Rh3 $18) 21... Kh8 (21... Kg7 $5) 22. Rf3 (22. Rae1
Ne4 $1) (22. Qe3 Ng4 $1) 22... Bf5 (22... Bd7 $1) 23. Nc3 Ne4 $22 24. Nxe4 Bxe4
25. Qc4 $1 $16 Rd8 (25... g5 $1 26. Rb3) 26. Raf1 Kg7 27. Be6 Rd2 $2 28. Qc5 $1
Bxf3 29. Qxe5+ Qf6 30. Qxf6+ Kxf6 31. Bg4 (31. Bb3 $1) 31... Rxb2 32. Rxf3+ 1-0

[Event "Hoogovens op"]
[Site "Wijk aan Zee"]
[Date "1993.01.??"]
[Round "11"]
[White "Gurevich, Mikhail"]
[Black "Gelfand, Boris"]
[Result "1/2-1/2"]
[WhiteElo "2610"]
[BlackElo "2690"]
[Annotator "Gurevich,M"]
[PlyCount "68"]
[EventDate "1993.01.??"]
[EventType "swiss"]
[EventRounds "12"]
[EventCountry "NED"]
[SourceTitle "CBM 034"]
[Source "ChessBase"]
[SourceDate "1993.06.01"]
[SourceVersion "1"]
[SourceVersionDate "1993.06.01"]
[SourceQuality "1"]

1. d4 Nf6 2. c4 g6 3. Nc3 Bg7 4. e4 d6 5. Nf3 O-O 6. Be2 e5 7. O-O Na6 8. Be3
Ng4 9. Bg5 Qe8 10. dxe5 dxe5 11. h3 h6 12. Bd2 Nf6 13. Be3 Nh5 14. c5 Nf4 15.
Bb5 Qe6 16. Re1 Kh8 $5 (16... Nxg2 $2) 17. Rc1 $5 (17. Bf1) 17... g5 18. Bf1 {
/\ 19.Nd5} Qg6 19. Nd5 Nxd5 $5 20. Qxd5 (20. exd5 f5 21. d6 Rd8 $13) 20... Nb4
$5 21. Nxe5 $5 (21. Qb3 Nc6 {/\ 22...f5; 22...g4<=>}) 21... Qe6 $1 (21... Qf6
22. Qb3 Qxe5 23. Qxb4 Qxb2 24. Qa4 $1 $16) 22. Qd2 $1 (22. Qxe6 Bxe6 23. Nc4
Nxa2 24. Rc2 Nb4 25. Rd2 a5 $132) 22... Nxa2 23. Bc4 Qxe5 24. Bxa2 Qxb2 25. Rc2
Qf6 (25... Qe5 26. f4 gxf4 27. Bxf4 Qd4+ 28. Qxd4 Bxd4+ 29. Kh2 $36) 26. c6 $5
(26. f4 gxf4 27. Bxf4 Qg6 28. Bxc7 Bxh3 $132) 26... bxc6 (26... b6 $6 27. h4 $1
gxh4 28. Bf4 $16) 27. Qc1 Bd7 28. Rd1 Rfd8 29. Rcd2 Be6 $1 $10 (29... Qe7 30.
Qc5 $1 Qe8 $8 31. h4 gxh4 32. Qh5 $40) (29... Be8 30. e5 Qe7 31. Bc5 $18) 30.
Rxd8+ Rxd8 31. Rxd8+ Qxd8 32. Bxe6 fxe6 33. Qxc6 Qd1+ 34. Kh2 Qd6+ 1/2-1/2

[Event "Linares 11th"]
[Site "Linares"]
[Date "1993.??.??"]
[Round "6"]
[White "Timman, Jan H"]
[Black "Ljubojevic, Ljubomir"]
[Result "1-0"]
[WhiteElo "2635"]
[BlackElo "2605"]
[Annotator "Hansen,LB"]
[PlyCount "55"]
[EventDate "1993.02.??"]
[EventType "tourn"]
[EventRounds "13"]
[EventCountry "ESP"]
[EventCategory "18"]
[SourceTitle "CBM 034"]
[Source "ChessBase"]
[SourceDate "1993.06.01"]
[SourceVersion "1"]
[SourceVersionDate "1993.06.01"]
[SourceQuality "1"]

1. d4 Nf6 2. Nf3 g6 3. c4 Bg7 4. Nc3 O-O 5. e4 d6 6. Be2 e5 7. Be3 exd4 8. Nxd4
Re8 9. f3 c6 10. Qd2 (10. Bf2 d5 11. exd5 cxd5 12. O-O Nc6 13. c5 Nh5 14. Qd2
Be5 15. g3 Ng7 16. Rfd1 $1 (16. Rfe1 Ne6 17. Ndb5 Ng5 18. Qxd5 Nh3+ 19. Kg2
Nxf2 20. Kxf2 a6 21. f4 Qxd5 22. Nxd5 Bxb2 23. Rab1 Bg7 24. Nbc7 Bd4+ 25. Kg2
Bf5 26. Rxb7 {Lev,R-Burgess,G/London LB/1990/0.5 (77)}) 16... Bh3 17. Ndb5 Be6
18. f4 a6 (18... Bb8 19. Bf3 a6 20. Nd4 Nxd4 21. Bxd4 Ba7 22. Bf2 $16 {
Savchenko-Djurhuus/Gausdal/1992/}) 19. fxe5 axb5 20. Nxb5 Nxe5 21. Nd6 Re7 22.
Qf4 Nc6 23. Bf3 $16 {Georgadze,G-Tunik/Tbilisi/1992/}) 10... d5 11. exd5 cxd5
12. O-O Nbd7 $6 $146 (12... Nc6 13. c5 (13. Nxc6 bxc6 14. Rad1 Ba6 15. cxd5
Bxe2 16. Qxe2 Nxd5 17. Nxd5 cxd5 18. Qf2 Bxb2 19. Bxa7 Qd7 {Portisch,L-Bouaziz/
Szirak izt (3)/1987/0.5 (19)}) (13. Rad1 Nxd4 14. Bxd4 dxc4 15. Bxc4 Qc7 (15...
a6 16. Rfe1 Bf5 17. g4 Rxe1+ 18. Qxe1 Qc7 19. Bxf6 Bxf6 20. Nd5 Qc5+ 21. Kg2
Bg5 22. h4 Bd8 23. Qe8+ Kg7 24. Ne3 Bxh4 25. Qxf7+ Kh8 26. gxf5 {Polugaevsky,
L-Gurevich,M/Reggio Top 16/1991/0.5 (29)}) (15... Be6 16. Bb5 Rf8 17. Qf2 Qa5
18. Qh4 Nh5 19. Bxg7 Nxg7 20. Qa4 {Sofrevski,J-Mukic,J/JUG-ch (02)/1991/0.5 
(20)}) 16. Bb5 Rd8 17. Qf2 Be6 18. Bxa7 Rxd1 19. Rxd1 Bxa2 20. Bb6 Qe5 21. Bd4
Qd6 22. Bc5 Qe6 23. Re1 Qf5 24. g4 Qc8 25. g5 Nd7 26. Bd4 {Timoschenko,
G-Vombek,D/Maribor (07)/1990/1-0 (43)}) 13... Rxe3 $5 (13... Qe7 14. Bf2 Nxd4 (
14... a6 15. Nxc6 bxc6 16. Bd3 Be6 17. Ne2 a5 18. Nd4 Qb7 19. Rac1 Bd7 20. b3
Qb4 21. Qb2 Nh5 22. a3 Qb8 23. g3 Bf6 24. Rfe1 Ng7 25. Rxe8+ Bxe8 26. Qd2 {
Olafsson,F-Gheorghiu,F/La Habana (ol) 2/681/1966/0.5 (52)}) (14... Be6 15. Rfe1
Red8 16. Ncb5 Nxd4 17. Nxd4 Nd7 18. Rac1 Ne5 19. Nxe6 Qxe6 20. f4 Nc6 21. Bf3
Qf6 22. b4 a6 23. a4 a5 24. b5 Nb4 25. Re2 Rac8 26. Bg4 {Tisdall,J-Kupreichik,
V/EU-chT (5)/1992/0-1 (47)}) 15. Bxd4 a6 16. Rfe1 Be6 17. b4 Red8 18. Na4 Nh5
19. Nb6 Rab8 20. Rad1 Bxd4+ 21. Qxd4 Qg5 22. Bf1 Nf4 23. Kh1 h5 24. g3 Nh3 25.
Rxe6 fxe6 26. Bxh3 {Urday,H-Becerra,J/Capablanca mem-A (12)/1992/1-0 (38)}) (
13... Bd7 14. Rad1 Qe7 15. Bf2 Qxc5 16. Ne6 Qd6 17. Nxg7 Kxg7 18. Nb5 Qe5 19.
Rfe1 a6 20. Bf1 Qh5 21. Nd4 h6 22. Nxc6 Bxc6 23. Bd4 Re6 24. Rxe6 fxe6 25. Re1
Re8 26. Re5 {Gligoric,S-Tringov,G/Den Haag 2/683/1966/1-0 (40)}) 14. Qxe3 Qf8
15. Ncb5 $5 (15. Nxc6 $6 bxc6 16. Kh1 (16. Na4 Be6 17. Rad1 Rb8 18. a3 Bh6 19.
Qf2 Qe7 20. Rfe1 Nh5 21. b4 Bf4 22. Bf1 Qc7 23. g3 Be5 24. Qd2 Bg7 25. Bg2 Nf6
26. Nb2 {Papaioannou,I-Hausrath,D/Duisburg WCJ/1992/1-0 (40)}) (16. Nd1 Rb8 17.
Kh1 Be6 18. Qa3 Qe7 19. Rc1 d4 $1 20. Qa4 Bh6 21. f4 Bd5 22. Bd3 Ng4 $40 {
Obukhov,A-Sergeev,Ve/URS/1991/0-1 (40)}) 16... Rb8 17. Na4 Rb4 18. b3 Be6 19.
Nb2 $1 Nh5 20. Nd3 Rh4 21. Qf2 Qe7 22. g4 $1 Bd4 $1 23. Qxd4 Rxh2+ 24. Kxh2
Qh4+ {0,5/Karpov,An-Kasparov,G/New York-Lyon m-11/1990/}) 15... Qxc5 16. Qf2 $1
{Seirawan/Christiansen} (16. Rac1 Qb6 17. Qf2 Bd7 18. Rfd1 (18. Nb3 Ne8 (18...
Bh6 19. Rc3 Re8 20. Qxb6 axb6 21. Kf2 d4 22. N3xd4 Nd5 23. Rb3 Na5 24. Ra3 Bf8
25. Ra4 Bc5 26. Rc1 {Fishbein,A-Schandorff,L/Kerteminde (05)/1991/0-1 (53)})
19. Nc3 d4 20. Na4 Qd8 21. Nac5 Nd6 22. Rfd1 Bc8 23. Bd3 Qf6 24. g3 Bh6 25. f4
Bg4 26. Re1 {Fishbein,A-Rechel,B/Groningen op (07)/1990/1-0 (64)}) 18... Re8 $1
19. Bf1 Bh6 20. Rc3 Nb4 $1 21. Nc2 $2 (21. a3 Na2 22. Rb3 Nc1 23. Rc3 Na2 $10 {
Kasparov}) 21... Qxf2+ 22. Kxf2 Nxc2 23. Rxc2 Be3+ 24. Ke1 Bf4+ 25. Kf2 Be3+
26. Ke1 Bg1+ 27. Kd2 Bxh2 $17 {Gelfand,B-Kasparov,G/Linares/1992/}) 16... Qb6
17. Rad1 Bd7 18. Nb3 Qxf2+ 19. Kxf2 a6 $5 20. Nc7 Rc8 21. Nxd5 Nxd5 22. Rxd5
Be6 23. Rd2 Bh6 $1 (23... Nb4 $6 24. Rc1 $1 Re8 25. Rcd1 Kf8 26. Rd8 {Hansen,
LB-Heine Nielsen,P/Arhus ch-DK (06)/1992/1-0 (57)}) 24. Rdd1 Nb4 25. Nd4 Bxa2
26. g3 $1 Nc2 $1 27. f4 Nxd4 28. Rxd4 Bf8 $1 $44) (12... dxc4 13. Ndb5 (13.
Rad1 a6 (13... b6 14. Bxc4 Ba6 15. Bxa6 Nxa6 16. Bg5 Qd7 17. Qf2 Rad8 18. Qh4
h6 19. Bxh6 Bxh6 20. Qxh6 Nc5 21. Rf2 Ne6 22. Nxe6 Qxe6 23. Rfd2 Rxd2 24. Qxd2
Qe3+ 25. Qxe3 Rxe3 26. Kf2 {Hashim,A-Tonsingh,O/Manila olm/1992/1-0 (28)}) 14.
Bxc4 b5 (14... Qc7 15. Bb3 Nc6 16. Nxc6 Qxc6 17. Rc1 Qd7 18. Qf2 Qf5 19. g4 Qe5
20. Bd4 Qf4 21. Bxf6 Qxf6 22. Nd5 Qd4 23. Nc7 Re2 24. Nxa8 Bxg4 25. fxg4 Rxf2
26. Rxf2 {Gligoric,S-Visier Segovia,F/Palma de Mallorca/1968/1-0 (50)}) 15. Bb3
Bb7 16. a4 bxa4 (16... b4 17. Ne4 Qe7 18. Bg5 Nbd7 19. Nf5 gxf5 20. Nd6 Reb8
21. Rfe1 Qf8 22. Nxf7 Bd5 23. Bxd5 Qc5+ 24. Kf1 Qxd5 25. Qxd5 Nxd5 26. Rxd5 {
Wade,R-Horton,J/England 4/837/1967/0.5 (35)}) 17. Bxa4 Nbd7 18. Nb3 Qc8 19. Na5
Re5 20. b4 Bf8 21. Bf4 Bxb4 22. Bxe5 Nxe5 23. Nxb7 Bxc3 24. Qe3 Qc4 25. Kh1 Rb8
26. Nd6 {Reshevsky,S-Bolbochan,Ju/Mar del Plata 1/462/1966/1-0 (37)}) 13... Qe7
(13... Nc6 14. Qxd8 Rxd8 15. Rad1 (15. Rfd1 Bf5 16. Bxc4 Nd7 17. Bg5 Rf8 18.
Nd6 Bc2 19. Rd2 Nd4 20. Ncb5 h6 21. Be7 Nxb5 22. Bxb5 Bxb2 23. Rf1 Ne5 24. Bxf8
Kxf8 25. Rxc2 Bd4+ 26. Kh1 {Parker,J-Bibby,S/Eastbourne ch-GB/1990/1-0 (29)})
15... Bf5 16. Bxc4 Ne5 17. Bb3 Bd3 18. Rfe1 Nc6 19. Nxa7 Nxa7 20. Bxa7 Rxa7 21.
Re3 b6 22. Rexd3 Rxd3 23. Rxd3 Rd7 24. Rxd7 Nxd7 25. Kf1 Nc5 26. Bc2 {Tunik,
G-Belov,I/Podolsk GMA-qual/1989/1-0 (43)}) 14. Bf4 Rd8 (14... Na6 15. Bd6 Qd8
16. Bxc4 Be6 17. Bxe6 Rxe6 18. Rad1 Qb6+ 19. Qf2 Qc6 20. Bf4 Nh5 21. Be3 Qc4
22. Bd4 Bh6 23. Rfe1 Rxe1+ 24. Qxe1 Nb4 25. Nd6 Qc7 26. Ndb5 {Dzhandzhava,
L-Ballesteros,D/Sebastian op (04)/1991/1-0 (37)}) 15. Qe3 Qxe3+ 16. Bxe3 Nc6
17. Rad1 Bf5 (17... Bd7 18. Bxc4 b6 19. Rfe1 Na5 20. Bf1 Rdc8 21. Nd6 Rc6 22.
Bb5 Rc7 23. Bxd7 Rxd7 24. b3 Ng4 25. fxg4 Bxc3 26. Nb5 {Tunik,G-Timoshenko,G/
Podolsk GMA-qual/1989/0.5 (41)}) 18. Bxc4 Ne5 19. Bb3 Bd3 20. Rfe1 Nc6 21. Nxa7
Nxa7 22. Bxa7 Rxa7 23. Re3 b5 (23... b6 24. Rexd3 Rad7 25. Rxd7 Rxd7 26. Rxd7 {
Tunik,G-Belov,I/Podolsk/1989/}) 24. Rexd3 Rxd3 25. Rxd3 b4 26. Nb5 {Tunik,
G-Kovalev,A/Kecskemet (6)/1989/1-0 (63)}) 13. Rad1 Nb6 14. c5 Nc4 15. Bxc4 dxc4
16. Qf2 $1 $16 Qe7 17. Rfe1 {/\ Ndb5;Bh6} a6 (17... Qxc5 $2 18. Ndb5 Qc6 (18...
Qe7 19. Bc5 $18) (18... Qe5 19. Bxa7 $18) (18... Qb4 19. Nc7 $18) 19. Rd6 $18)
18. Bh6 $1 Qf8 (18... Bxh6 19. Rxe7 Rxe7 20. Qh4 $1 Be3+ (20... Bg7 21. Ne4) (
20... Kg7 21. Ne4) 21. Kf1 $1 Kg7 (21... g5 22. Qh6 $18) 22. Ne4 $18) 19. Bxg7
Kxg7 20. Rxe8 Qxe8 21. Nde2 $1 {/\ Qd4 X /^a1-h8} (21. Re1) 21... Be6 (21...
Bf5 22. Qd4 Bd3 23. Nf4 $18 {/\ Ncd5+-}) (21... Qe5 22. Rd8) 22. Qd4 Qd7 23.
Qe5 Qe7 24. Ne4 $18 {X /^a1-h8} Re8 (24... Rd8 25. Rd6 $18) 25. N2c3 h5 26. h4
Bf5 $6 27. Qxe7 Rxe7 28. Nxf6 1-0

[Event "Munich SKA"]
[Site "Munich"]
[Date "1993.??.??"]
[Round "5"]
[White "Gurevich, Mikhail"]
[Black "Hjartarson, Johann"]
[Result "1-0"]
[WhiteElo "2610"]
[BlackElo "2625"]
[Annotator "Ftacnik,L"]
[PlyCount "71"]
[EventDate "1993.05.??"]
[EventType "tourn"]
[EventRounds "11"]
[EventCountry "GER"]
[EventCategory "16"]
[SourceTitle "CBM 036"]
[Source "ChessBase"]
[SourceDate "1993.10.01"]
[SourceVersion "1"]
[SourceVersionDate "1993.10.01"]
[SourceQuality "1"]

1. d4 {Kortschnoj} Nf6 2. c4 g6 3. Nc3 Bg7 4. e4 d6 5. Nf3 O-O 6. Be2 e5 7. O-O
Na6 8. Be3 Ng4 9. Bg5 Qe8 10. dxe5 dxe5 11. h3 h6 12. Bd2 Nf6 13. Be3 c6 14. c5
$5 (14. a3 Qe7 15. b4 Nh5 16. c5 Rd8 17. Qc1 Nf4 18. Bxa6 (18. Bxf4 exf4 19. e5
$5 g5 20. Bxa6 bxa6 21. Ne4 Bxe5 22. Re1 Bg7 23. Ra2 Be6 24. Rae2 $36 {
Hjartarson,J-Apicella/Reykjavik ISL-FRA/1993/}) 18... bxa6 19. Bxf4 exf4 20. e5
Rd3 $1 {Hauchard-Apicella/Bucharest/1993/}) 14... Qe7 (14... Nc7 $5 {Kortschnoj
} 15. Qd6 Nb5) 15. Bxa6 bxa6 16. Qa4 Qc7 (16... Rb8 17. Qxc6 Rxb2 18. Rab1 Bb7
(18... Rc2 19. Nd5) 19. Qd6 Qxd6 20. cxd6 Rxb1 21. Rxb1 $16) 17. Rfd1 Rb8 18.
Qc2 $5 (18. b3 a5 $1 {/\ Rb4}) 18... Be6 (18... Ne8 {/\ f5}) 19. Rd6 Ne8 20.
Rad1 $1 (20. Rd3 f5 $132) (20. Rxe6 $5 fxe6 21. Nd2 {/\ Nc4}) 20... Nxd6 21.
cxd6 Qa5 22. b3 Rfd8 (22... c5 23. Nd5 $1 Kh7 (23... Rfd8 24. Ne7+ Kh7 25. Nc6)
24. Nc7 $18) 23. Na4 Bf8 24. Bxa7 $5 (24. Nc5 $5 Rxd6 25. Rxd6 Bxd6 26. Nxe6
fxe6 27. Qc4 Kf7 28. Bxh6 $40) 24... Rb7 25. Bc5 f6 26. Nd2 $1 (26. b4 Rxb4 $1
(26... Qb5 27. Nc3 Qc4 28. Nd2) 27. Bxb4 Qxb4 28. Nc5 Qc4 $1 $132) 26... Qb5 (
26... Bxd6 $2 27. Nc4) 27. Nc4 Bxc4 28. bxc4 Qa5 29. a3 $1 Rdb8 (29... Rdd7 30.
Bb4 Qd8 31. Nc5 $18) 30. Bb4 Rxb4 (30... Qd8 31. Nc5 (31. c5 $16 {Kortschnoj})
31... Ra7 32. Qa4 $18) 31. axb4 Rxb4 32. Nb2 c5 $1 (32... Qa2 33. d7 Be7 34.
d8=Q+ Bxd8 35. Rxd8+ Kf7 36. Qd3) (32... Bxd6 33. Rxd6 Qa1+ 34. Nd1 $18) 33. d7
$1 (33. Qd2 Qd8 34. Qd5+ Kh8 $1 35. Nd3 Rb6 $13) 33... Be7 (33... Qd8 34. Qd2
Rb6 (34... Kg7 35. f4 $1 exf4 36. Nd3 Rxc4 37. Nxf4 Rxe4 38. g3 {/\ Qd5}) 35.
Qd5+ Kg7 36. Na4 $1 Rd6 37. Qxd6 Bxd6 38. Rxd6 Kf7 39. Nxc5 $18) 34. Qd2 Bd8 $2
(34... Kg7 35. f4 $1 (35. d8=Q $2 Qxd8 $1 36. Qxd8 Bxd8 37. Rd7+ Be7 38. Nd1
Kf7 39. Ne3 Ke6 40. Ra7 Ra4 $13) (35. Nd3 {Kortschnoj} Ra4 36. Nxc5 $1 $18)
35... Qc7 (35... exf4 36. Nd3 Ra4 37. Qxa5 Rxa5 38. Nxf4 $18) 36. fxe5 fxe5 37.
Rf1 $1 {/\ Qd5+/-}) 35. Qd5+ Kh8 36. Nd3 {/\ Nc5-e6+-} 1-0

[Event "Rostov on Don"]
[Site "Rostov on Don"]
[Date "1993.??.??"]
[Round "?"]
[White "Epishin, Vladimir"]
[Black "Smirin, Ilia"]
[Result "1/2-1/2"]
[WhiteElo "2620"]
[BlackElo "2590"]
[Annotator "Chekhov,V"]
[PlyCount "75"]
[EventDate "1993.05.??"]
[EventType "tourn"]
[EventRounds "11"]
[EventCountry "RUS"]
[EventCategory "14"]
[SourceTitle "CBM 036"]
[Source "ChessBase"]
[SourceDate "1993.10.01"]
[SourceVersion "1"]
[SourceVersionDate "1993.10.01"]
[SourceQuality "1"]

1. d4 Nf6 2. c4 g6 3. Nc3 Bg7 4. e4 d6 5. Nf3 O-O 6. Be2 e5 7. O-O Na6 8. Re1 (
8. Be3 $5 Ng4 9. Bg5 Qe8 (9... f6 $5) 10. dxe5 dxe5 11. h3 h6 12. Bd2 Nf6 13.
Be3 Nh5 (13... Nd7 14. a3 f5 15. b4 f4 16. Bc1 c6 17. c5 Kh7 18. Bb2 Nc7 19.
Nb1 $1 $16 {Van-Wely,L-Sepp,O Manila ol 1992 Inf 55/620/}) 14. c5 (14. Re1 Be6
15. a3 c6 16. b4 $14 {Van Wely,L Morosevic,A Hyeres 1992 Inf 55/621/}) 14...
Nf4 15. Bb5 Qe6 16. Re1 Kh8 $5 17. Rc1 g5 18. Bf1 Qg6 19. Nd5 Nxd5 20. Qxd5 Nb4
21. Nxe5 Qe6 $1 $132 {Gurevich,M-Gelfand,B Wijk aan Zee 1993 Inf 56/691/}) 8...
Qe8 $5 (8... c6 9. Bf1 (9. Rb1 exd4 10. Nxd4 Re8 11. Bf3 h6 $5 12. h3 $6 Nh7
$15 {Piket,J-Khalifman,A Wijk aan Zee 1991 Inf 51/619/}) 9... Bg4 10. d5 Nb4
11. Be2 a5 12. h3 Bd7 13. dxc6 Bxc6 14. Bf1 Na6 15. Bg5 h6 16. Bh4 g5 17. Bg3
Nh5 18. Nd5 Nc5 19. Nd2 Nxg3 $132 {Aseev,K-Glek,I Krumbach 1991 Inf 51/620; 14.
Bd3!?+/=/}) 9. Bg5 $5 $146 (9. Bf1 Bg4 10. d5 Nh5 11. h3 Bxf3 $5 12. Qxf3 f5
13. Qd1 Qf7 14. a3 Nc5 15. Qc2 a5 (15... Nxe4 16. Nxe4 fxe4 $10) 16. Be3 f4 17.
Bxc5 dxc5 18. Be2 Nf6 $10 {Krasenkov,M-Kochyev,A Gausdal 1991/}) 9... h6 $6 (
9... exd4 $5 10. Nxd4 Nxe4 11. Bf3 Nxc3 12. bxc3 Qd7 13. Re7 Qd8 14. Bd5 $5 $44
) 10. Bxf6 Bxf6 11. c5 $1 Nb4 (11... dxc5 12. Nd5 $16) (11... exd4 12. Nd5 Bd8
13. Bxa6 bxa6 14. cxd6) 12. dxe5 dxe5 13. Qb3 Nc6 14. Nd5 Bd8 15. h3 $1 Nd4 16.
Nxd4 exd4 17. Bg4 Bxg4 (17... c6 18. Bxc8 Rxc8 19. Qxb7) 18. hxg4 $14 b6 (18...
c6 $2 19. Qxb7 $14 (19. Nf4 $1 {/\Ng6,Qb7+/-/}) 19... Ba5 20. Nb4) 19. Nf4 (19.
Rac1 $5 c6 20. Nf4) 19... Kh7 20. e5 Bg5 (20... bxc5 $2 21. e6 $16) 21. Nd5 Rd8
$1 22. cxb6 axb6 23. Rad1 c5 $8 24. f4 (24. Nxb6 Rb8) 24... Qc6 (24... Qe6 $5)
25. Nb4 cxb4 26. fxg5 hxg5 27. e6 $1 (27. Qxb4 Qc5 $132) 27... fxe6 28. Rxe6
Qd7 29. Rxb6 (29. Rde1 Rde8 (29... Rf7 $6 30. Rd6 $1) 30. Rxe8 Rxe8 $132) 29...
Qxg4 30. Rxb4 Qh4 31. Qh3 Qxh3 32. gxh3 Rf4 33. Rb3 (33. a4 $5) 33... Kh6 34.
Rbd3 (34. Rg3 $5) 34... g4 35. hxg4 Kg5 36. a4 (36. Rg3 Rxg4 37. Rxg4+ Kxg4 38.
Kf2 Kf4 39. Ke2 Ke4 {/\Rh8/}) 36... Rxg4+ 37. Kf2 Rh8 $10 38. Rxd4 (38. Rxd4
Rh2+ 39. Ke3 Rxd4 40. Rxd4 Rxb2 $10) 1/2-1/2

[Event "Horgen CS"]
[Site "Horgen"]
[Date "1994.??.??"]
[Round "2"]
[White "Shirov, Alexei"]
[Black "Miles, Anthony John"]
[Result "1-0"]
[WhiteElo "2740"]
[BlackElo "2600"]
[Annotator "Shirov,A"]
[PlyCount "97"]
[EventDate "1994.09.??"]
[EventType "tourn"]
[EventRounds "11"]
[EventCountry "SUI"]
[EventCategory "16"]
[SourceTitle "CBM 043"]
[Source "ChessBase"]
[SourceDate "1994.12.01"]
[SourceVersion "1"]
[SourceVersionDate "1994.12.01"]
[SourceQuality "1"]

1. d4 Nf6 2. c4 g6 3. Nc3 Bg7 4. e4 d6 5. Be2 O-O 6. Nf3 e5 7. O-O exd4 8. Nxd4
Re8 9. f3 Nc6 10. Be3 Nh5 11. f4 $1 (11. Qd2 Nf4 12. Bxf4 Nxd4 $10) (11. Nxc6
bxc6 12. Qd2 c5 $10) (11. Rc1 f5 12. c5 Nxd4 13. Bxd4 dxc5 14. Bxc5 Nf4 15.
Bc4+ Be6 $10 {Zlochevsky-Morozevich/Alushta/1993/}) 11... Nf6 12. Bf3 (12. Nxc6
$5 bxc6 13. Bf3) 12... Bd7 13. Qd2 a6 (13... Ng4 14. Bxg4 Bxg4 15. f5 $36) 14.
h3 Na5 15. Qd3 c5 16. Nb3 $1 (16. Nde2 Bc6 {/\ b5}) 16... Bc6 17. Bf2 $1 Qb6 (
17... Nxb3 18. axb3 $14) 18. Nxa5 Qxa5 19. Rfe1 Rad8 20. Bh4 $2 (20. Qc2 $1 Qc7
(20... b5 21. e5 $1) (20... Rc8 21. Rad1) 21. a4 $1 $16) 20... b5 21. Qc2 Rc8
$1 22. Rad1 (22. Nd5 Nxd5 23. cxd5 Bd7 {/\ c4, b4}) 22... b4 23. Nb1 $6 (23.
Nd5 Nxd5 24. exd5 Bd7 25. b3 $10) 23... Qxa2 24. Rxd6 b3 $2 (24... Nd7 25. e5
Bxf3 26. gxf3 Nf8 $1 27. Nd2 Qa5 28. Qe4 $1 $132) 25. Qd3 Qxb2 26. Nd2 $1 Nh5
$5 27. Bxh5 gxh5 28. Nxb3 Bxe4 29. Rxe4 Rxe4 30. Qxe4 Qxb3 31. Kh2 $1 (31. Rxa6
$6 Bd4+ 32. Kh2 Qxc4) 31... Qb8 (31... a5 32. Ra6 a4 33. Ra7 $36) 32. Rxa6 Re8
33. Qf5 (33. Qf3 $14) 33... Qc8 34. Qxc8 Rxc8 35. Be7 $1 Bd4 36. Kg3 Kg7 $2 (
36... Re8 37. Ra7 Kg7 38. Kf3 $14 (38. Kh4 $4 Rxe7 $19)) 37. Kh4 $1 Re8 38. Bd6
Re2 39. g3 Re3 (39... Rc2 $2 40. f5 Rxc4 41. Kxh5 Bf6 42. Bf4 $18) 40. f5 Be5
41. Kxh5 $1 (41. Bxc5 Rf3 $1 (41... Rxg3 $2 42. Bd4 $1) 42. Kxh5 Rxg3 43. h4
Rf3 $10) 41... Bxd6 42. Rxd6 h6 (42... Rxg3 43. f6+ Kh8 44. Rd8+ Rg8 45. Rxg8+
Kxg8 46. Kg5 $18) (42... Kf8 43. Rc6 Rxg3 44. h4) (42... f6 43. Rd7+ Kg8 44. h4
Rxg3 $18) 43. h4 $2 (43. Kh4 $1 Rc3 44. g4 Rxc4 45. Kh5 Rd4 (45... Rc3 46. h4
Rf3 47. Rc6 $18) 46. Rxh6 Rd8 (46... f6 47. Rg6+ Kf7 48. Kh6 Rd3 49. Rg7+ Kf8
50. Rc7 $18) 47. Rc6 Rh8+ 48. Kg5 Rxh3 49. f6+ Kh7 50. Rc7 Kg8 51. Rc8+ Kh7 52.
Rf8 $18) 43... Rxg3 44. f6+ Kh7 45. Rd7 Rc3 $2 (45... Rf3 46. Rxf7+ Kg8 47. Rc7
(47. Rg7+ Kf8 48. Kg6 Rf4 $10) 47... Rxf6 48. Rxc5 Kf7 49. Re5 (49. Rc7+ Ke8
$10) 49... Rf4 50. c5 Rc4 $10) 46. Rxf7+ Kg8 47. Rg7+ Kf8 48. Rg4 Rf3 (48...
Kf7 49. Rf4) (48... Rd3 49. Kg6 Rd4 50. Rxd4 cxd4 51. c5 $18) 49. Kg6 1-0

[Event "St Petersburg-ch"]
[Site "St Petersburg"]
[Date "1996.??.??"]
[Round "7"]
[White "Epishin, Vladimir"]
[Black "Svidler, Peter"]
[Result "1/2-1/2"]
[WhiteElo "2620"]
[BlackElo "2650"]
[Annotator "Huzman,A"]
[PlyCount "66"]
[EventDate "1996.04.??"]
[EventType "tourn"]
[EventRounds "13"]
[EventCountry "RUS"]
[EventCategory "11"]
[SourceTitle "CBM 056"]
[Source "ChessBase"]
[SourceDate "1997.02.01"]
[SourceVersion "1"]
[SourceVersionDate "1997.02.01"]
[SourceQuality "1"]

1. d4 Nf6 2. c4 g6 3. Nc3 Bg7 4. e4 d6 5. Nf3 O-O 6. Be2 e5 7. O-O exd4 8. Nxd4
Re8 9. f3 Nc6 10. Be3 Nh5 11. Nc2 Be5 (11... f5 12. Qd2 Be6 13. Rad1 f4 14. Bf2
Be5 15. b4 Qf6 16. Nd5 Qg7 17. b5 Nd8 18. c5 c6 19. bxc6 bxc6 20. Ndb4 dxc5 21.
Bxc5 a5 22. Na6 $13 {1/2-1/2 Notkin,M-Nevostrujev,V/RUS-ch 1996 (58)}) 12. Nd5
Ne7 13. f4 (13. Bg5 f6 14. Bc1 {_|/\15. f4} (14. Be3 $5) 14... Nxd5 15. cxd5 f5
(15... Nf4 16. Bc4 (16. Bb5 c6) 16... f5) 16. f4 Bg7 17. Bxh5 gxh5 18. exf5
Bxf5 19. Ne3 Qf6 $36) 13... Nxd5 14. exd5 Bxb2 15. Rb1 Bg7 (15... Qf6 16. f5
Bxf5 (16... Rxe3 17. fxg6 Nf4 18. gxh7+ (18. Nxe3 Bd4 19. gxf7+ Kf8 20. Rb3 Qg5
21. Kh1 Bxe3 22. g3 Ng6 $13) 18... Kh8 19. Nxe3 Bd4 20. Qd2) 17. Bd3 (17. Bxh5
gxh5 18. Qxh5 Bxc2 19. Rxf6 Bxf6 20. Qg4+ Bg6 $44) (17. Rxf5 gxf5 18. Bxh5 Rxe3
19. Nxe3 Bd4) 17... Ng7 18. g4 Rxe3 (18... Bxd3 19. Rxf6 (19. Qxd3 Qc3 20. Qxc3
Bxc3 21. Rxb7 $11) 19... Bxc2 20. Qxc2 Bxf6 21. Qf2 $16) 19. Nxe3 Bd4 20. gxf5
Bxe3+ 21. Kh1 g5 22. Rxb7 Bb6 $44) 16. Bxh5 Bf5 (16... gxh5 17. f5 {ץc8} (17.
Qxh5 $5 {|_/\18.f5})) 17. Bf2 gxh5 $11 18. Rxb7 Bg4 (18... Qc8 19. Rb3 Qa6 20.
Nd4 $11) (18... Qf6 19. Rxc7 Qg6 20. Ne3 Be4 21. f5 $14) 19. Qd2 Re2 (19... Be2
20. Rc1 (20. Re1 $6 Bxc4 21. Rxe8+ Qxe8 22. Rxc7 Qe4 $15) 20... Qc8 21. Rxa7
Rxa7 22. Bxa7 Bxc4 23. Ne3 Qa6 24. Bd4 Qxa2 25. Qxa2 Bxa2 26. Bxg7 Kxg7 27. Kf2
$11) 20. Qd3 Qc8 21. Rb3 Qf5 22. Qxf5 Bxf5 23. Nd4 $11 Bxd4 24. Bxd4 h4 (24...
Rxa2 25. Rg3+ (25. Rb7 Re8 (25... Bd3 26. Rf2 Rxf2 27. Kxf2 Bxc4 28. Rxc7 Bxd5
29. Bxa7 $11) 26. Rf2 $11) 25... Kf8 26. Bg7+ (26. Re1 h4) 26... Ke7 27. Re1+
Kd7 28. Bf6 $36) 25. h3 Rae8 26. Bf6 Rxa2 27. Bxh4 Ree2 28. Rf2 Rxf2 29. Bxf2
Rc2 30. c5 $1 dxc5 31. Rb7 Be4 32. Rxa7 Rc1+ 33. Kh2 Rc2 1/2-1/2